| 000 | 00957nam2a22002531 4500 | ||
|---|---|---|---|
| 001 | v19\rc\1307104 | ||
| 005 | 20250618120007.0 | ||
| 035 | _a(NLR Aleph) 004558347 | ||
| 090 |
_a2240362 _c2240362 |
||
| 100 | _a20060512g19001901|||y0rusy50 ca | ||
| 101 | 0 | _arus | |
| 102 | _aRU | ||
| 105 | _ay z ||||| | ||
| 200 | 0 | _aЧ. 4 | |
| 210 |
_d1900 (обл. 1901) _aБ. м. |
||
| 215 | _a311 с. | ||
| 461 | 0 |
_1001v19\rc\1307100 _12001#$aИтальянское искусство в эпоху Возрождения$fА. фон Фрикен$vЧ. 4 _1700#1$aФрикен$bА.Ф. _92240315 _aФрикен, А. Ф. _cМосква _d1891-1900 _fА. фон Фрикен _nК.Т. Солдатенков _p4 т. _tИтальянское искусство в эпоху Возрождения _vЧ. 4 |
|
| 801 | 0 |
_aRU _bNLR _gpsbo |
|
| 801 | 1 |
_aRU _bProSoft-M _2rusmarc |
|
| 852 |
_aNLR _j18.250.2.18(4) |
||
| 852 |
_aNLR _j131/14(4) |
||
| 942 | _cBOOK | ||
| 980 | _aNB | ||